Trái đất chúng ta đang sống, tập 3.4A (Dành cho Hs tiểu học)

Bewaard in:
Bibliografische gegevens
Formaat: Boek
Tags: Voeg label toe
Geen labels, Wees de eerste die dit record labelt!
Thư viện lưu trữ: Mạng thư viện Đại học Đà Nẵng
LEADER 00451nam a22001691a 4500
001 000040096
003 16391
005 20160412022842.0
008 160412s0 000
082 |a 4N(TK)1536-42 
245 |a Trái đất chúng ta đang sống, tập 3.4A (Dành cho Hs tiểu học) 
OWN |a LNN 
999 |a From the UDN01 
TYP |a Monograph 
980 |a Mạng thư viện Đại học Đà Nẵng